La independencia judicial un constante asedio /

Bibliographic Details
Main Author: Nieva Fenoll, Jordi
Other Authors: Oteiza, Eduardo
Format: eBook
Language:Spanish
Published: Madrid Marcial Pons, 2019
Subjects:
Online Access:Acceso restringido

MARC

LEADER 00000nam a22000007a 4500
005 20200312235719.0
007 cr|||| |||
008 200313s2019 es |||||s|||| 00||0 spa d
020 |a 978-84-9123-822-5 
035 |a 31326 
040 |a vLex 
090 |c 10262  |d 10262 
100 1 |a Nieva Fenoll, Jordi 
245 1 2 |a La independencia judicial  |h [Recurso electrn̤ico] :  |b un constante asedio /  |c Jordi Nieva Fenoll, Eduardo Oteiza 
256 |a Servicio en ln̕ea 
260 |a Madrid  |b Marcial Pons,  |c 2019 
300 |a 1 recurso electrn̤ico 
506 1 |a Disponible solo en los productos indicados  |d vLex Global  |d vLex Global (Academic Edition, excluding Law Schools)  |d vLex Global (U.S. Academic Edition, Law Schools)  |d vLex Global (U.S. Academic Edition, excluding Law Schools)  |d vLex Global (Academic Edition, Law Schools) 
650 0 4 |a Derecho Constitucional  |z Espaą 
700 1 |a Oteiza, Eduardo 
740 0 |a vLex Libros (Servicio en ln̕ea) 
856 4 0 |u http://vlex.com/source/independencia-judicial-constante-asedio-31326  |z Acceso restringido 
942 |c BOOK 
999 0 |a Constitutional right